Satellite communication systems /

Bibliographic Details
Corporate Author: Institution of Electrical Engineers
Other Authors: Evans, B. G. (Barry George)
Format: Book
Language:English
Published: London, United Kingdom : Institution of Electrical Engineers, [1999]
Edition:3rd ed.
Series:IEE telecommunications series. 38.
Subjects:

MARC

Tag First Indicator Second Indicator Subfields
LEADER 00000cam a2200000 a 4500
001 in00001484021
005 20151021065725.0
008 990304s1999 enka b 001 0 eng d
020 |a 085296899X 
035 |a (OCoLC)40903904 
035 |9 AJG8864AM 
040 |a UND  |c UND  |d TXA  |d UtOrBLW 
049 |a TXAM 
050 0 0 |a TK5104  |b .S3627 1999 
245 0 0 |a Satellite communication systems /  |c edited by B.G. Evans. 
250 |a 3rd ed. 
264 1 |a London, United Kingdom :  |b Institution of Electrical Engineers,  |c [1999] 
264 4 |c ©1999 
300 |a xxvi, 727 pages :  |b illustrations, diagars. ;  |c 24 cm. 
336 |a text  |b txt  |2 rdacontent 
337 |a unmediated  |b n  |2 rdamedia 
338 |a volume  |b nc  |2 rdacarrier 
490 1 |a IEE telecommunications series,  |x 0263-5852 ;  |v 38 
504 |a Includes bibliographical references and index. 
650 0 |a Artificial satellites in telecommunication. 
700 1 |a Evans, B. G.  |q (Barry George) 
710 2 |a Institution of Electrical Engineers. 
830 0 |a IEE telecommunications series.  |x 0263-5852 ;  |v 38. 
948 |a c:jh 
999 |a MARS 
999 f f |s cbc4f962-5a47-3443-9782-01f3c871293c  |i a8268f58-c05a-3c06-8ef6-a9a030497026  |t 0 
952 f f |p ric  |a Texas A&M University  |b Rellis Campus  |c Joint Library Facility  |d Remote Storage  |t 0  |e TK5104 .S3627 1999  |h Library of Congress classification  |i unmediated -- volume  |m A14824989825 
998 f f |a TK5104 .S3627 1999  |t 0  |l Remote Storage